000 00932nam a2200265Ia 4500
003 OSt
005 20221005105239.0
006 a|||||r|||| 00| 0
007 ta
008 221004b |||||||| |||| 00| 0 hin d
020 _a9788184572520 (hbk)
024 _a27435
037 _bGift, 26/07/2016,
_cTextual
040 _aCRL
_cCRL
_bhin
041 _2hin
_ahin
082 _a4,1, 152Q1
100 _aसुस्मिता बाला
245 0 _aजन माध्यमों की लेखन विधाएं
246 _aJan mādhyamoan kī lekhan vidhāean
260 _aनई दिल्ली
_bकनिष्क पब्लिशर्स भारत
_c2011
300 _a414पृ0
_ccm.
650 _aहिन्दी पत्रकारिता
942 _h4,1, 152Q1
_cTEXL
_2cc
999 _c1015265
_d1015265